| 000 | 01262nam a22002897a 4500 | ||
|---|---|---|---|
| 003 | BD-DhSAU | ||
| 005 | 20220919180007.0 | ||
| 008 | 150613b2021 bg a|||| m||| 00| 0 eng d | ||
| 040 | _aBD-DhSAU | ||
| 082 |
_222 _a581.35 _bSh437 |
||
| 100 |
_aShell, Sumon Chandra _eRegistration # 19-10099 |
||
| 245 |
_aGenetic variability and character association of yield and yield contributing trails in brinjal (Solanum melongena L.) genotypes / _bMS thesis _cSumon Chandra Shell |
||
| 260 |
_aSher-e-Bangla Agricultural University : _bDepartment of Genetics and plant breeding, _cJune, 2021 |
||
| 300 |
_aix, 87 p. : _bill. map, chart ; _c30 cm. |
||
| 500 | _aMS thesis of Department of Genetics and Plant Breeding, Faculty of Agriculture, Sher-e-Bangla Agricultural University, Dhaka, Bangladesh | ||
| 504 | _aIncludes bibliographical reference. | ||
| 590 | _akobir | ||
| 650 | _aGenetics and plant breeding | ||
| 650 | _aGenetic variability | ||
| 650 | _aCharacter association | ||
| 650 | _aBbrinjal | ||
| 650 | _aSolanum melongena L. | ||
| 700 |
_aParveen, Shahanaz _eSuperviser |
||
| 700 |
_aRashid, Md. Harun Ur _eCo-superviser |
||
| 856 | _uhttp://archive.saulibrary.edu.bd:8080/xmlui/handle/123456789/4206 | ||
| 942 |
_2ddc _cTHESIS |
||
| 999 |
_c16040 _d16039 |
||